|
|
|
|
| LEADER |
00000nam a2200000 a 4500 |
| 001 |
vtls001057459 |
| 003 |
SK-MaSNL |
| 005 |
20260224050959.0 |
| 008 |
251124s1885 HU 0 hun |
| 035 |
|
|
|a SNK000000259
|
| 040 |
|
|
|a SNK
|b slo
|c SNK
|e AACR2
|
| 041 |
0 |
|
|a hun
|
| 044 |
|
|
|a HU
|
| 080 |
|
|
|a 245=945.11
|2 1981
|
| 245 |
1 |
|
|a Ájtatos ének az úr Jézus Krisztushoz 26. Óh szomoru Jézus, angyalok oröme, ...
|
| 260 |
|
|
|a Buda
|b s.n.
|c 1885
|f Sagó Márton és fia
|
| 300 |
|
|
|a 8 s.
|c 8°
|
| 958 |
|
|
|a ONDV
|
| 958 |
|
|
|a RK
|
| 999 |
|
|
|c 860421
|d 862351
|
| 952 |
|
|
|t P60, <04>, [BOOK], {604}
|a SNK
|b SNK
|y VYP
|7 0
|o snkID 76273
|i snkF 4663/81
|0 0
|1 0
|4 0
|d 1995-02-01
|l 0
|r 2004-12-31 00:00:00
|w 2026-02-24
|